Escritos municipalistas y de la vida local / (Record no. 121886)
[ view plain ]
| 000 -LEADER | |
|---|---|
| campo de control de longitud fija | 00869nam a2200229 4500 |
| 001 - NÚMERO DE CONTROL | |
| campo de control | 121886 |
| 003 - IDENTIFICADOR DE NÚMERO DE CONTROL | |
| campo de control | ES-MaACL |
| 005 - FECHA Y HORA DE LA ÚLTIMA TRANSACCIÓN | |
| campo de control | 20260301150820.0 |
| 007 - CAMPO FIJO DE DESCRIPCIÓN FÍSICA--INFORMACIÓN GENERAL | |
| campo de control de longitud fija | t| |
| 008 - DATOS DE LONGITUD FIJA--INFORMACIÓN GENERAL | |
| campo de control de longitud fija | 070214s1979 sp r ||||1| spa d |
| 020 ## - NÚMERO INTERNACIONAL ESTÁNDAR DEL LIBRO | |
| Número Internacional Estándar del Libro | 84-7088-239-2 |
| 100 1# - ENTRADA PRINCIPAL--NOMBRE DE PERSONA | |
| Nombre de persona | Posada, Adolfo, |
| Fechas asociadas al nombre | 1860-1944 |
| 9 (RLIN) | 93316 |
| 245 10 - MENCIÓN DEL TÍTULO | |
| Título | Escritos municipalistas y de la vida local / |
| Mención de responsabilidad, etc. | Adolfo Posada ; estudio preliminar de Florentino Agustín Díez González. |
| 260 ## - PUBLICACIÓN, DISTRIBUCIÓN, ETC. | |
| Lugar de publicación, distribución, etc. | Madrid : |
| Nombre del editor, distribuidor, etc. | Instituto de Estudios de Administración Local, |
| Fecha de publicación, distribución, etc. | 1979. |
| 300 ## - DESCRIPCIÓN FÍSICA | |
| Extensión | 493 p. ; |
| Dimensiones | 22 cm. |
| 490 1# - MENCIÓN DE SERIE | |
| Mención de serie | Administración y ciudadano ; |
| Designación de volumen o secuencia | 7 |
| 700 0# - ENTRADA AGREGADA--NOMBRE PERSONAL | |
| Nombre de persona | Díez González, Florentino-Agustín. |
| 9 (RLIN) | 44738 |
| 710 20 - ENTRADA AGREGADA--NOMBRE DE ENTIDAD CORPORATIVA | |
| Nombre de entidad corporativa o nombre de jurisdicción como elemento de entrada | Instituto de Estudios de Administración Local (España) |
| 9 (RLIN) | 4893 |
| 830 00 - PUNTO DE ACCESO ADICIONAL DE SERIE-TÍTULO UNIFORME | |
| Título uniforme | Colección Administración y ciudadano |
| Designación de volumen o secuencia | 7 |
| 9 (RLIN) | 184524 |
| 852 ## - LOCALIZACIÓN | |
| Ubicación | ES-MaACL |
| Número de control de estantería | L-8820 |
| Sublocalización o colección | R.109175 |
| Estatus retirado | Estado de pérdida | Estado de daño | No para préstamo | Biblioteca de origen | Biblioteca actual | Ubicación en estantería | Fecha de adquisición | Fuente de adquisición | Total de préstamos | Signatura topográfica completa | Código de barras | Visto por última vez | Precio de reemplazo | Tipo de ítem Koha |
|---|---|---|---|---|---|---|---|---|---|---|---|---|---|---|
| Biblioteca del Ateneo de Madrid | Biblioteca del Ateneo de Madrid | Depósito 2 | 17/01/2008 | L-8820 | 1127020 | 23/02/2023 | 23/02/2023 | Libro impreso |
